000 00703nam a2200265 i 4500
001 bg
100 1 _aGilas, Janusz
_d(1937- ).
245 1 0 _aPrawo międzynarodowe /
_cJanusz Gilas.
250 _a[Wyd. 1, dodr.].
260 _aToruń :
_bComer,
_c1996.
300 _a352, [1] s. ;
_c24 cm.
490 1 _aBiblioteka Jurysty
500 _aU góry okł. : Nowe prawo.
504 _aBibliogr. przy rozdz.
650 9 _aPrawo międzynarodowe
655 _aPodręczniki akademickie
830 _aBiblioteka Jurysty
020 _a8385149554
040 _cBPK
041 0 _apl
080 _a341(075.8)
920 _a83-85149-55-4
942 _cKS
008 s pl f |000 0 pol
999 _c32975
_d32975
856 _uhttp://koha.tu.koszalin.pl/cgi-bin/koha/opac-detail.pl?biblionumber=32975
_yKatalog online BPK